[Event "South Wales New Year 2019"]
[Site "Bridgend"]
[Date "2019.01.06"]
[Round "4.12"]
[White "Denham, Colin"]
[Black "Van Kemenade, Julie"]
[Result "1/2-1/2"]
[WhiteElo "1645"]
[BlackElo "1725"]
[PlyCount "70"]
[EventDate "2019.01.04"]
[EventType "swiss"]
[EventRounds "5"]
[EventCountry "WLS"]
[SourceDate "2019.01.05"]

1. d4 d6 2. Nf3 Nd7 3. Bf4 Ngf6 4. e3 g6 5. Nbd2 Bg7 6. Be2 O-O 7. c3 c6 8. O-O
Nh5 9. Bg3 Nxg3 10. fxg3 e5 11. Qc2 f5 12. e4 Qe7 13. dxe5 Nxe5 14. Nxe5 Qxe5
15. Bd3 fxe4 16. Bxe4 Bd7 17. Nf3 Qc5+ 18. Kh1 d5 19. Bd3 Rf6 20. Rae1 Raf8 21.
Nd2 Rf2 22. Rxf2 Rxf2 23. Rf1 Bh6 24. Rxf2 Qxf2 25. Nf3 Qe3 26. Qd1 Qc1 27.
Qxc1 Bxc1 28. b3 Bb2 29. c4 d4 30. Kg1 Kg7 31. Kf2 Kf6 32. h3 c5 33. g4 Bc6 34.
Ke2 Bc1 35. Kf2 Be3+ 1/2-1/2

[Event "South Wales New Year 2019"]
[Site "Bridgend"]
[Date "2019.01.06"]
[Round "4.13"]
[White "Jaberansari, Daniel"]
[Black "Howells, Chris"]
[Result "0-1"]
[WhiteElo "1382"]
[BlackElo "1834"]
[PlyCount "38"]
[EventDate "2019.01.04"]
[EventType "swiss"]
[EventRounds "5"]
[EventCountry "WLS"]
[SourceDate "2019.01.05"]

1. e4 e6 2. Nf3 d5 3. e5 c5 4. b4 c4 5. c3 Nc6 6. a3 Qc7 7. d4 cxd3 8. Bxd3
Nxe5 9. Bb5+ Bd7 10. Bxd7+ Nxd7 11. O-O Ngf6 12. Re1 Bd6 13. h3 O-O 14. Nd4 a6
15. Qf3 Rac8 16. Ne2 Ne5 17. Qe3 Nc4 18. Qd3 Ne4 19. f3 Qb6+ 0-1

[Event "South Wales New Year 2019"]
[Site "Bridgend"]
[Date "2019.01.06"]
[Round "5.1"]
[White "Sands, David A"]
[Black "Toczek, Grzegorz"]
[Result "1/2-1/2"]
[WhiteElo "2086"]
[BlackElo "2263"]
[PlyCount "50"]
[EventDate "2019.01.04"]
[EventType "swiss"]
[EventRounds "5"]
[EventCountry "WLS"]
[SourceDate "2019.01.05"]

1. d4 Nf6 2. c4 c5 3. d5 e6 4. Nc3 exd5 5. cxd5 d6 6. e4 g6 7. h3 Bg7 8. Bd3
O-O 9. Bg5 b5 10. Bxb5 Qb6 11. Nge2 Bd7 12. Bxd7 Nbxd7 13. O-O Rfe8 14. Qc2
Rab8 15. Rab1 Ne5 16. Ng3 Qa6 17. Rfd1 Rb7 18. Qa4 Qxa4 19. Nxa4 Nc4 20. f3 Nd7
21. b3 Na3 22. Rbc1 Nb5 23. Bf4 Ne5 24. Kh1 h6 25. Ne2 Rc8 1/2-1/2

[Event "South Wales New Year 2019"]
[Site "Bridgend"]
[Date "2019.01.06"]
[Round "5.2"]
[White "Pleasants, Allan J"]
[Black "Gay, Conor"]
[Result "1/2-1/2"]
[WhiteElo "2080"]
[BlackElo "1900"]
[PlyCount "56"]
[EventDate "2019.01.04"]
[EventType "swiss"]
[EventRounds "5"]
[EventCountry "WLS"]
[SourceDate "2019.01.05"]

1. d4 Nf6 2. Nf3 g6 3. g3 Bg7 4. Bg2 O-O 5. O-O d6 6. c4 Nbd7 7. Nc3 c5 8. d5
a6 9. a4 Ng4 10. Qc2 Nge5 11. Nxe5 Nxe5 12. b3 Rb8 13. Bb2 Bd7 14. h3 Be8 15.
f4 Nd7 16. e4 b5 17. axb5 axb5 18. cxb5 Nb6 19. Rae1 Nc8 20. e5 Bxb5 21. Nxb5
Rxb5 22. Kh2 Qb6 23. Rf3 Na7 24. Bf1 Ra5 25. Rfe3 Nb5 26. Bxb5 Qxb5 27. Bc3 Ra7
28. h4 Rfa8 1/2-1/2

[Event "South Wales New Year 2019"]
[Site "Bridgend"]
[Date "2019.01.06"]
[Round "5.3"]
[White "Bullen, Alex"]
[Black "Van Kemenade, Rudy"]
[Result "1-0"]
[WhiteElo "2081"]
[BlackElo "1946"]
[PlyCount "89"]
[EventDate "2019.01.04"]
[EventType "swiss"]
[EventRounds "5"]
[EventCountry "WLS"]
[SourceDate "2019.01.05"]

1. d4 Nf6 2. Nf3 g6 3. Nbd2 Bg7 4. e4 d6 5. Bd3 O-O 6. O-O Nc6 7. Re1 e5 8.
dxe5 dxe5 9. Nc4 Bg4 10. c3 Qe7 11. h3 Bxf3 12. Qxf3 Rad8 13. Bg5 h6 14. Bxf6
Qxf6 15. Qxf6 Bxf6 16. Rad1 Bg5 17. Kf1 Rd7 18. Ne3 Bxe3 19. Rxe3 Rfd8 20. Ke2
Na5 21. b3 c5 22. Bc2 Rxd1 23. Bxd1 Kf8 24. Rd3 Rxd3 25. Kxd3 Ke7 26. g3 b5 27.
b4 c4+ 28. Ke3 Nc6 29. Bg4 a5 30. a3 axb4 31. axb4 h5 32. Bc8 Kd8 33. Ba6 Na7
34. Bb7 Ke7 35. h4 Kd6 36. f4 f6 37. Kf3 Nc6 38. Ba6 Na7 39. Bb7 Nc6 40. Bxc6
Kxc6 41. f5 gxf5 42. exf5 Kd6 43. Ke4 Ke7 44. Kd5 Kf7 45. Kc5 1-0

[Event "South Wales New Year 2019"]
[Site "Bridgend"]
[Date "2019.01.06"]
[Round "5.4"]
[White "Fathallah, Joe"]
[Black "Heap, Gerry"]
[Result "0-1"]
[WhiteElo "1962"]
[BlackElo "2103"]
[PlyCount "72"]
[EventDate "2019.01.04"]
[EventType "swiss"]
[EventRounds "5"]
[EventCountry "WLS"]
[SourceDate "2019.01.05"]

1. b3 c5 2. Bb2 Nc6 3. f4 Nf6 4. Nf3 g6 5. g3 Bg7 6. Bg2 d6 7. O-O Bd7 8. c4 a6
9. Nc3 O-O 10. d3 Rb8 11. Qd2 b5 12. e4 Nd4 13. Nxd4 cxd4 14. Ne2 Ng4 15. Bf3
Qb6 16. Ba3 Ne3 17. Rfc1 b4 18. Bb2 e5 19. a3 a5 20. axb4 axb4 21. Ra2 Bc6 22.
Rca1 Ra8 23. Bc1 Rxa2 24. Rxa2 f5 25. Qe1 Qb7 26. Bxe3 dxe3 27. fxe5 fxe4 28.
Bxe4 Bxe4 29. dxe4 Qxe4 30. Nf4 Bxe5 31. Qd1 Bd4 32. Re2 g5 33. Nh3 Qg4 34. Kg2
h5 35. Qe1 Qe4+ 36. Kg1 Rf2 0-1

[Event "South Wales New Year 2019"]
[Site "Bridgend"]
[Date "2019.01.06"]
[Round "5.5"]
[White "Waterfield, John W"]
[Black "Young, Alan"]
[Result "1/2-1/2"]
[WhiteElo "1920"]
[BlackElo "2048"]
[PlyCount "24"]
[EventDate "2019.01.04"]
[EventType "swiss"]
[EventRounds "5"]
[EventCountry "WLS"]
[SourceDate "2019.01.05"]

1. e4 e5 2. Nf3 Nc6 3. Bc4 Nf6 4. d3 Be7 5. O-O O-O 6. Re1 d6 7. a4 Be6 8. Bxe6
fxe6 9. c3 Qd7 10. b4 a6 11. Nbd2 Kh8 12. Nf1 a5 1/2-1/2

[Event "South Wales New Year 2019"]
[Site "Bridgend"]
[Date "2019.01.06"]
[Round "5.6"]
[White "Fox, Chris"]
[Black "May, Adam J"]
[Result "0-1"]
[WhiteElo "1675"]
[BlackElo "1894"]
[PlyCount "70"]
[EventDate "2019.01.04"]
[EventType "swiss"]
[EventRounds "5"]
[EventCountry "WLS"]
[SourceDate "2019.01.05"]

1. d4 d5 2. Nf3 Nf6 3. Bf4 e6 4. e3 Bd6 5. Bg3 O-O 6. Bd3 b6 7. Nbd2 Ba6 8.
Bxa6 Nxa6 9. c3 c5 10. Ne5 Qc7 11. O-O Nb8 12. Qf3 Nc6 13. Nxc6 Qxc6 14. Bxd6
Qxd6 15. Rfe1 cxd4 16. exd4 Rfc8 17. Nf1 b5 18. Ng3 b4 19. Re3 Rc7 20. Qe2 Rac8
21. Rc1 Qb6 22. Qd2 Qa5 23. Ne2 Ne4 24. Qe1 bxc3 25. Nxc3 Qb6 26. f3 Nxc3 27.
bxc3 Qxd4 28. cxd4 Rxc1 29. Kf2 Rxe1 30. Kxe1 Rc2 31. Re2 Rxe2+ 32. Kxe2 f6 33.
Kd3 Kf7 34. f4 Ke7 35. Kc3 Kd6 0-1

[Event "South Wales New Year 2019"]
[Site "Bridgend"]
[Date "2019.01.06"]
[Round "5.7"]
[White "Dixon, Chris"]
[Black "Turner, Joseph David"]
[Result "1-0"]
[WhiteElo "1750"]
[BlackElo "1862"]
[PlyCount "83"]
[EventDate "2019.01.04"]
[EventType "swiss"]
[EventRounds "5"]
[EventCountry "WLS"]
[SourceDate "2019.01.05"]

1. d4 Nf6 2. Nc3 d5 3. Bf4 c6 4. e3 g6 5. Nf3 Qb6 6. Rb1 Nh5 7. Bg5 f6 8. Bh4
Ng7 9. Be2 Nf5 10. e4 dxe4 11. Nxe4 Nxh4 12. Nxh4 Qa5+ 13. c3 Qxa2 14. O-O Nd7
15. b3 Qa5 16. b4 Qc7 17. Nf3 Bg7 18. Bc4 Nb6 19. Bb3 Bf5 20. Qe2 Nd5 21. Rbc1
Nf4 22. Qc2 O-O-O 23. Rfe1 Bh6 24. Ra1 a6 25. Bc4 Qb6 26. Qb3 Rhe8 27. Nc5 e5
28. Nxb7 Kxb7 29. Rxa6 Qxa6 30. Bxa6+ Kxa6 31. Ra1+ Kb6 32. Qc4 Ra8 33. Re1 Bd3
34. Qc5+ Kb7 35. dxe5 Ne2+ 36. Kh1 fxe5 37. Nxe5 Bb5 38. Rd1 Bf8 39. Qe3 Ra3
40. h3 Bxb4 41. Rd7+ Kc8 42. Qb6 1-0

[Event "South Wales New Year 2019"]
[Site "Bridgend"]
[Date "2019.01.06"]
[Round "5.8"]
[White "Howells, Chris"]
[Black "Jukes, Sam"]
[Result "0-1"]
[WhiteElo "1834"]
[BlackElo "1914"]
[PlyCount "86"]
[EventDate "2019.01.04"]
[EventType "swiss"]
[EventRounds "5"]
[EventCountry "WLS"]
[SourceDate "2019.01.05"]

1. c4 b6 2. Nc3 e6 3. e4 Bb4 4. Nge2 Ne7 5. g3 O-O 6. Bg2 Bb7 7. Qb3 Nbc6 8.
O-O Bxc3 9. bxc3 f5 10. e5 Na5 11. Qa4 Bxg2 12. Kxg2 d6 13. Nf4 dxe5 14. Nxe6
Qd3 15. Nxf8 Rxf8 16. f4 Nxc4 17. Rf3 Qe2+ 18. Rf2 Qe4+ 19. Kg1 Nxd2 20. Qxe4
Nxe4 21. Rf3 Rd8 22. Ba3 c5 23. fxe5 Nd2 24. Rf2 Nc4 25. Bb2 Nc6 26. e6 Re8 27.
Re1 N6e5 28. Rd1 g6 29. Bc1 Rxe6 30. Kg2 Nd6 31. Bf4 Ne4 32. Rc2 Kf7 33. Rd8
Nc6 34. Rd7+ Re7 35. Rxe7+ Nxe7 36. Bb8 Nc6 37. Kf3 Nxb8 38. g4 Nc6 39. gxf5
gxf5 40. Kf4 Kf6 41. a4 Ne7 42. c4 Ng6+ 43. Kf3 Ke5 0-1

[Event "South Wales New Year 2019"]
[Site "Bridgend"]
[Date "2019.01.06"]
[Round "5.9"]
[White "Robinson, David"]
[Black "Chong, Kimberly"]
[Result "1-0"]
[WhiteElo "1912"]
[BlackElo "1682"]
[PlyCount "39"]
[EventDate "2019.01.04"]
[EventType "swiss"]
[EventRounds "5"]
[EventCountry "WLS"]
[SourceDate "2019.01.05"]

1. e4 e5 2. Nf3 Nc6 3. d4 exd4 4. Bc4 Nf6 5. O-O d6 6. Nxd4 Ne5 7. Bb3 c5 8.
Nf3 Bg4 9. Ba4+ Nfd7 10. Nc3 Nxf3+ 11. gxf3 Bh3 12. Re1 Qf6 13. Qd5 Qxf3 14.
Bxd7+ Bxd7 15. Re3 Qg4+ 16. Rg3 Qe6 17. Qxb7 Rc8 18. Nd5 Kd8 19. Qxa7 Qxe4 20.
Qb6+ 1-0

[Event "South Wales New Year 2019"]
[Site "Bridgend"]
[Date "2019.01.06"]
[Round "5.10"]
[White "Borkowski, J Andrew"]
[Black "Denham, Colin"]
[Result "1/2-1/2"]
[WhiteElo "1835"]
[BlackElo "1645"]
[PlyCount "58"]
[EventDate "2019.01.04"]
[EventType "swiss"]
[EventRounds "5"]
[EventCountry "WLS"]
[SourceDate "2019.01.05"]

1. Nf3 Nf6 2. b4 d5 3. Bb2 Bf5 4. e3 a6 5. c4 e6 6. a3 dxc4 7. Bxc4 b5 8. Be2
c5 9. bxc5 Bxc5 10. d4 Be7 11. Nbd2 O-O 12. O-O Qb6 13. Nh4 Bg6 14. Nxg6 hxg6
15. Qb3 Nc6 16. Rfc1 Rab8 17. Rc2 Rfc8 18. Rac1 Na7 19. h3 Rxc2 20. Rxc2 Bd6
21. Bf3 Rc8 22. Rxc8+ Nxc8 23. Ne4 Nxe4 24. Bxe4 b4 25. axb4 Ne7 26. Bc3 Qb5
27. Bc2 Nd5 28. g3 Nxb4 29. Bxb4 Qxb4 1/2-1/2

[Event "South Wales New Year 2019"]
[Site "Bridgend"]
[Date "2019.01.06"]
[Round "5.11"]
[White "Morgans, Justin"]
[Black "Di-Vetta, Andrew"]
[Result "0-1"]
[WhiteElo "1653"]
[BlackElo "1728"]
[PlyCount "112"]
[EventDate "2019.01.04"]
[EventType "swiss"]
[EventRounds "5"]
[EventCountry "WLS"]
[SourceDate "2019.01.05"]

1. e4 c5 2. Nf3 d6 3. d4 cxd4 4. Nxd4 Nf6 5. Nc3 a6 6. f3 e6 7. Bc4 Qc7 8. Bb3
b5 9. a3 Bb7 10. Qe2 Nbd7 11. Bg5 Nc5 12. Ba2 Be7 13. h4 h6 14. Bxf6 Bxf6 15.
O-O-O Rc8 16. g4 Ke7 17. Qg2 Qb6 18. Nde2 g6 19. g5 Bxc3 20. Nxc3 h5 21. Qg3
Nd7 22. f4 Rc5 23. Rhe1 Rhc8 24. Qh3 b4 25. axb4 Qxb4 26. Rd3 Rb8 27. Bb3 Bc8
28. Red1 Rc6 29. Rd4 Qb7 30. Qd3 Nc5 31. Qd2 Qc7 32. Ba2 Rcb6 33. b4 Nd7 34. f5
Ne5 35. Bxe6 fxe6 36. fxe6 Bxe6 37. Nd5+ Bxd5 38. exd5 Rf8 39. Re1 Rf5 40. Rf4
Qd7 41. Qd4 Rb7 42. Rfe4 Kf8 43. Rxe5 dxe5 44. Rxe5 Rxe5 45. Qxe5 Qg7 46. Qd6+
Qe7 47. Qf4+ Kg8 48. c3 Rc7 49. Kc2 Qe2+ 50. Qd2 Qc4 51. Qd3 Qa2+ 52. Kd1 Qa1+
53. Kd2 Qa2+ 54. Ke3 Re7+ 55. Kd4 Qf2+ 56. Kc4 Qxh4+ 0-1

[Event "South Wales New Year 2019"]
[Site "Bridgend"]
[Date "2019.01.06"]
[Round "5.12"]
[White "Van Kemenade, Julie"]
[Black "Gay, Simon"]
[Result "0-1"]
[WhiteElo "1725"]
[BlackElo "2046"]
[PlyCount "40"]
[EventDate "2019.01.04"]
[EventRounds "5"]
[EventCountry "WLS"]
[SourceDate "2019.01.05"]

1. e4 c5 2. Nc3 d6 3. Bc4 e6 4. a3 Be7 5. d3 Nf6 6. Ba2 O-O 7. f4 a6 8. Nf3 Nc6
9. Ne2 Qc7 10. O-O b5 11. Ng3 Bd7 12. Be3 Rfb8 13. Ng5 h6 14. Nf3 b4 15. Qd2
Ng4 16. Nh5 Nxe3 17. Qxe3 bxa3 18. bxa3 Qa5 19. Nd2 c4 20. Qg3 Qxh5 0-1

[Event "South Wales New Year 2019"]
[Site "Bridgend"]
[Date "2019.01.06"]
[Round "5.13"]
[White "Allen, Edwin"]
[Black "Jaberansari, Daniel"]
[Result "1/2-1/2"]
[WhiteElo "1335"]
[BlackElo "1382"]
[PlyCount "42"]
[EventDate "2019.01.04"]
[EventType "swiss"]
[EventRounds "5"]
[EventCountry "WLS"]
[SourceDate "2019.01.05"]

1. d4 Nf6 2. Bg5 g6 3. Bxf6 exf6 4. e3 Bg7 5. c3 O-O 6. Bd3 f5 7. h4 Re8 8. Ne2
Nc6 9. Nd2 d6 10. Nf4 Bh6 11. g3 a6 12. Qc2 b5 13. a3 Na7 14. b4 Nc6 15. O-O-O
Bd7 16. Rhe1 a5 17. e4 fxe4 18. Bxe4 Ra6 19. h5 Bg7 20. hxg6 fxg6 21. Bd5+ Kf8
1/2-1/2